|
|
|
|
| LEADER |
00000cam a2200000 4500 |
| 001 |
vtls011896744 |
| 003 |
SK-MaSNL |
| 005 |
20260331211302.0 |
| 008 |
191029s2019 xo a a 000 1 slo |
| 015 |
|
|
|a SNBA2020/01
|
| 020 |
|
|
|a 9788056612040
|q (viazané)
|
| 040 |
|
|
|a SNK
|b slo
|c SNK
|e rda
|
| 041 |
0 |
|
|a slo
|
| 044 |
|
|
|a xo
|c SK
|
| 072 |
|
7 |
|a 821-93
|x Literatúra pre deti a mládež (beletria)
|2 konspekt
|
| 080 |
|
|
|a 821-93
|2 2011
|
| 080 |
|
|
|a 783.65
|2 2011
|
| 080 |
|
|
|a (0.025.2)
|2 2011
|
| 080 |
|
|
|a 783.28
|2 2011
|
| 080 |
|
|
|a (0:82-192)
|2 2011
|
| 100 |
1 |
|
|a Mychajlyšynová, Táňa
|4 ill
|9 482536
|
| 245 |
1 |
0 |
|a Najkrajšie vianočné koledy
|
| 250 |
|
|
|a 2. vydanie
|
| 264 |
|
1 |
|a Bratislava
|b Fragment
|b Albatros Media Slovakia, s.r.o.
|c 2019
|
| 300 |
|
|
|a 8 nečíslovaných strán
|b farebné ilustrácie
|c 27 cm
|
| 336 |
|
|
|a text
|b txt
|2 rdacontent
|
| 336 |
|
|
|a statický obraz
|b sti
|2 rdacontent
|
| 337 |
|
|
|a bez média
|b n
|2 rdamedia
|
| 338 |
|
|
|a zväzok
|b nc
|2 rdacarrier
|
| 500 |
|
|
|a Názov z obálky
|
| 500 |
|
|
|a Kartónové listy
|
| 500 |
|
|
|a Vydalo vydavateľstvo Fragment v spoločnosti Albatros Media Slovakia, s.r.o.
|
| 500 |
|
|
|a V tiráži uvedené: illustrations Táňa Mychajlyšynová
|
| 521 |
8 |
|
|a Pre deti od 2 rokov
|
| 650 |
0 |
7 |
|a koledy
|2 SNKPH
|9 3441
|
| 650 |
0 |
7 |
|a vianočné piesne
|2 SNKPH
|9 67789
|
| 650 |
0 |
7 |
|a Christmas songs
|2 SNKPHeng
|9 319941
|
| 650 |
0 |
7 |
|a Carols
|2 SNKPHeng
|9 319942
|
| 655 |
|
7 |
|a leporelá
|2 SNKPH
|9 60414
|
| 655 |
|
7 |
|a publikácie pre deti
|2 SNKPH
|9 70148
|
| 655 |
|
7 |
|a piesňové texty
|2 SNKPH
|9 70532
|
| 655 |
|
7 |
|a Publications for children
|2 SNKPHeng
|9 276792
|
| 655 |
|
7 |
|a Song texts
|2 SNKPHeng
|9 358236
|
| 655 |
|
7 |
|a Folding picture-books
|2 SNKPHeng
|9 302521
|
| 852 |
|
|
|a Štátna vedecká knižnica v Banskej Bystrici
|
| 919 |
|
|
|a 978-80-566-1204-0
|
| 958 |
|
|
|a DB
|
| 999 |
|
|
|c 777464
|d 779394
|
| 952 |
|
|
|a SNK
|b SNK
|y PREZ
|7 0
|p 17A1412635
|o snkSB 94949
|i snk2019/31517
|8 0
|0 0
|1 0
|4 0
|d 2019-12-06
|l 0
|r 2025-05-15 00:00:00
|w 2026-02-24
|
| 952 |
|
|
|a SNK
|b SNK
|y PREZ
|7 0
|p 17A1412636
|o snkSB 94949 D1
|i snk2019/31518
|8 0
|0 0
|1 0
|4 0
|d 2019-12-06
|l 0
|r 2026-02-24 00:54:15
|w 2026-02-24
|